| 000 | 00551nam a2200181Ia 4500 | ||
|---|---|---|---|
| 008 | 181130s2018 xx 000 0 und d | ||
| 100 | _aD'Angelo, Alessio | ||
| 245 |
_aFrom mobile workers to fellow citizens and back again?: _bthe future status of EU citizens in the UK |
||
| 260 | _c2018 | ||
| 300 | _ap.331-343. | ||
| 504 | _dApr | ||
| 650 | _aBrexit | ||
| 650 | _aCitizenship - European union | ||
| 650 | _aImmigration policy | ||
| 700 | _aKofman, Eleonore | ||
| 773 | _aSocial Policy and Society | ||
| 906 | _aCitizenship - European union | ||
| 999 |
_c506813 _d506813 |
||